[Event "IV Open RGCC 2018"]
[Site "Gijon"]
[Date "2018.07.27"]
[Round "6"]
[White "Campora, Daniel Hugo"]
[Black "Centron Antuna, Daniel"]
[Result "1/2-1/2"]
[WhiteElo "2405"]
[BlackElo "2231"]
[Annotator "NA"]
[PlyCount "100"]
[EventDate "2018.07.24"]
[EventType "swiss"]
[EventCountry "ESP"]
[SourceTitle "playchess.com"]
[Source "ChessBase"]
[SourceQuality "1"]
[TimeControl "5400+30"]

{[%evp 18,82,49,28,34,20,37,12,31,29,32,14,13,13,34,20,19,13,32767,0,0,2,2,0,56,-8,0,0,52,32767,169,109,119,66,94,-53,-44,-66,-47,-56,-30,-19,-6,-7,32767,-12,32767,-8,0,-19,-8,0,40,9,10,0,12,41,8,0,11,0,0,0,0,0,0]} 1. e4 d6 2. d4 Nf6 3. Nc3 g6 4. Bg5 h6 5. Bxf6 {B07: Pirc Defence: Miscellaneous Systems} (5. Bf4 Bg7 6. Qd2 g5 7. Bg3 Nh5 8. O-O-O c6 9. Nge2 b5 10. f4 Qa5 11. a3 Nd7 12. Kb1 Nb6 13. fxg5 Nc4 14. Qd3 hxg5 15. Nc1 Qb6 16. Nb3 {0-1 (38) Amin,B (2689)-Petrosian,T (2601) Riadh 2017}) 5... exf6 6. Bd3 Bg7 7. Nge2 O-O 8. O-O Nc6 9. f4 f5 $146 ({Predecessor:} 9... Bg4 10. Qe1 Nb4 11. h3 Nxd3 12. cxd3 Bd7 {½-½ (52) Herres,J-Volk,T Germany 1977}) 10. exf5 $1 gxf5 11. d5 Ne7 12. Kh1 c6 13. dxc6 bxc6 14. Qd2 Rb8 15. Nd1 Be6 16. Ng3 Qd7 ({Don't go for} 16... Bxb2 $2 17. Nxb2 Rxb2 18. Qc3 $18) 17. c3 d5 18. Nh5 Bh8 19. Qf2 d4 20. c4 c5 ({Black should play} 20... a5 $11) 21. Qh4 (21. b3 $14) 21... Ng6 22. Qh3 Kh7 23. b3 Qe7 (23... Rb6 $14) 24. Nf2 Qh4 25. Qf3 Bc8 26. Qh3 (26. Rae1 $16) 26... Qxh3 27. Nxh3 Nh4 28. Ng3 Kg6 29. Kg1 Bb7 30. Nxf5 Nxf5 31. g4 Bc8 32. Nf2 Rg8 33. gxf5+ Bxf5 34. Kh1 Rbe8 35. Rg1+ Kf6 36. Rxg8 Rxg8 37. Re1 Bxd3 38. Nxd3 Kf5 39. Nxc5 Kxf4 40. Nd3+ Kf3 $1 41. b4 Bf6 $11 42. c5 Bh4 43. Ne5+ Kf2 44. Rd1 Bf6 45. Nc4 Ke2 46. Rd2+ Kf1 47. Rd1+ Ke2 48. Rd2+ Kf1 49. Rd1+ Ke2 50. Rd2+ Kf1 1/2-1/2

[Event "IV Open RGCC 2018"]
[Site "Gijon"]
[Date "2018.07.27"]
[Round "6"]
[White "Prieto Aranguren, Alain"]
[Black "Ardelean, George-Catalin"]
[Result "0-1"]
[WhiteElo "2252"]
[BlackElo "2475"]
[Annotator "TA"]
[PlyCount "116"]
[EventDate "2018.07.24"]
[EventType "swiss"]
[EventCountry "ESP"]
[SourceTitle "playchess.com"]
[Source "ChessBase"]
[SourceQuality "1"]

{[%evp 19,116,10,10,8,11,8,8,3,11,9,8,7,6,5,18,0,0,0,0,-7,-5,-19,-20,-21,-14,-29,8,-20,-20,-36,-9,-11,-11,-14,-10,-20,-19,-25,-19,-22,0,0,0,0,-2,-50,0,-14,-15,-58,0,-17,0,0,0,0,0,0,0,0,0,0,0,0,0,0,0,0,-7,-201,-213,-725,-443,-436,-271,-327,-346,-737,-715,-677,-630,-687,-418,-672,-647,-1752,-1726,-1654,-1503,-29981,-29982,-29979,-29980,-29983,-29984,-29987,-29988,-29988,-29989]} 1. d4 d5 2. c4 e6 3. Nc3 a6 4. cxd5 exd5 5. Nf3 c6 (5... Nf6 6. Bg5 Be6 7. e3 Nbd7 8. Bd3 Bd6 9. O-O c6 10. Bf4 Qc7 11. Bxd6 Qxd6 12. Qc2 {½-½ (12) Lenic,L (2659)-Berkes,F (2688) Velky Cetin 2018}) 6. Qc2 {D31: Queen's Gambit Declined: Semi-Slav without ...Nf6 (+ Marshall Gambit and Noteboom) and Exchange Variation lines without ...Nf6} Bd6 7. Bg5 Ne7 8. e3 f6 9. Bh4 Bf5 10. Bd3 Bxd3 {LiveBook: 17 Games} 11. Qxd3 Nd7 12. Bg3 Nb6 13. Bxd6 Qxd6 14. O-O O-O 15. Nd2 $146 ({Predecessor:} 15. Ne2 Ng6 16. Ng3 {½-½ (16) Cyborowski,L (2488)-Urban,K (2456) Police 2009}) 15... Rfe8 16. b4 Nec8 17. Rab1 Qe7 18. a4 Nd6 19. Rfe1 Qf7 20. b5 cxb5 21. axb5 a5 22. Ra1 Re7 23. Rec1 Rc7 24. Ne2 Nbc4 25. Nxc4 Nxc4 26. Qb3 b6 27. Nc3 {[%cal Be2c3,Bc3a4,Ba4b2,Bb2d3,Bd3e1,Be1f3,Bf3e5][%mdl 32]} Rac8 28. Na4 Qe6 29. Rc2 h5 30. Rac1 h4 31. h3 $1 f5 32. Nb2 g5 (32... f4 $5 33. Nxc4 (33. exf4 $2 Nd2 $19) 33... dxc4 $17) 33. Nd3 Qe4 {[#] aiming for ...a4!} 34. Ne1 Kg7 (34... Re8 $15) 35. Rc3 Kf6 36. Nf3 Qe7 37. Qc2 Qb4 {Threatens to win with ...Nxe3!} 38. Qe2 Qxb5 {[#] next ...Qe8 is good for Black.} 39. Ne5 $1 {[%mdl 512] Black must now prevent Qh5.} Qe8 $36 {[%mdl 2048] Black is more active.} (39... Nxe5 40. dxe5+) 40. f4 $1 b5 {[%cal Bb6b5,Bb5b4][%mdl 32]} 41. fxg5+ Kg7 42. Qf2 $1 b4 43. Rxc4 $1 Rxc4 44. Nxc4 $2 ({Reject} 44. Rf1 Rc1 $17) (44. Rxc4 $11 {and White has nothing to worry.} dxc4 45. Qxf5) 44... dxc4 $11 {[%mdl 4096] Endgame KQR-KQR} 45. Rf1 $2 (45. e4 fxe4 46. Qxh4) 45... Qe4 46. Qe2 {intending Rf4.} Qe6 47. Qf3 {If White can now play Qb7+ this consolidates a bit.} Re8 48. Kh2 $2 (48. Kh1 c3 49. Qf4) 48... c3 $19 49. Qf4 Re7 50. Qxh4 c2 51. g6 (51. e4 $142 Rf7 52. d5 Qd6+ 53. Kh1) 51... Qd6+ 52. Rf4 {With the idea Qh7+.} c1=Q 53. Qh7+ Kf6 {( -> ...Qxf4+!)} 54. Qh8+ Rg7 {Black mates.} 55. Qh4+ Kxg6 56. Qg3+ Kf6 57. Rxf5+ Kxf5 {[%csl Gg7][%cal Rd6g3]} 58. Qxd6 Qc7 {Precision: White = 44%, Black = 71%.} 0-1

[Event "IV Open RGCC 2018"]
[Site "Gijon"]
[Date "2018.07.27"]
[Round "6"]
[White "Torrado Quintela, Julio"]
[Black "Murshed, Niaz"]
[Result "1/2-1/2"]
[WhiteElo "2195"]
[BlackElo "2403"]
[Annotator "NA"]
[PlyCount "84"]
[EventDate "2018.07.24"]
[EventType "swiss"]
[EventCountry "ESP"]
[SourceTitle "playchess.com"]
[Source "ChessBase"]
[SourceQuality "1"]
[TimeControl "5400+30"]

1. e4 g6 2. d4 Bg7 3. Nc3 d6 4. Bg5 Nd7 5. Qd2 c5 6. dxc5 {B06: Modern Defence} (6. Nge2 a6 7. O-O-O b5 8. h4 Bb7 9. h5 cxd4 10. Nxd4 Ngf6 11. h6 Bf8 12. f3 e5 13. Nb3 Be7 {1-0 (37) Mamedov,N (2610)-Abbasov,F (2553) Baku 2010}) 6... Nxc5 7. O-O-O $146 ({Predecessor:} 7. f4 a6 8. Bd3 b5 9. Nf3 Bb7 10. a3 Nf6 11. Qe2 Ne6 12. f5 gxf5 13. Bc1 fxe4 14. Nxe4 {1-0 (42) Dineley,R (2258)-McNab,C (2439) Sunningdale 2008}) 7... Qa5 8. Bb5+ Kf8 9. Nge2 Be6 10. a3 $1 Nxe4 (10... a6 $5 11. Bd3 $8 Nxd3+ 12. cxd3 Bxc3 13. Nxc3 Bb3 $11) 11. Nxe4 Qxb5 12. N2c3 Qc6 13. Rhe1 {[#]} ({White should try} 13. Be3 $1 $15) 13... Rc8 ({Better is} 13... h6 $1 $17 {[%cal Rh6g5]} 14. Bf4 Rc8) 14. Kb1 $2 {[#]} ({White should try} 14. Be3 $1 $15) 14... d5 $1 15. Ng3 Bxc3 (15... d4 $19 {has better winning chances.} 16. Nce2 h6) 16. Qxc3 Qxc3 17. bxc3 Rxc3 18. Kb2 Rc6 19. Ne2 Rb6+ 20. Kc1 Ra6 21. Kb2 (21. Rd3 $142) 21... f6 ({Lieber} 21... Kg7 22. Rd3 h6) 22. Be3 Bf7 23. c4 dxc4 24. Rd8+ Kg7 25. Red1 $17 b5 26. Nc3 g5 27. R1d7 Nh6 28. Rxh8 Kxh8 29. Rxe7 Kg8 30. Nxb5 Nf5 31. Rxa7 Rxa7 32. Bxa7 Nh4 33. g3 Nf3 34. Nc7 Nxh2 35. a4 Nf3 36. a5 Bg6 37. a6 Be4 38. Be3 Kf7 39. a7 h5 40. Kc3 h4 41. gxh4 gxh4 42. Kxc4 Bb7 1/2-1/2

[Event "IV Open RGCC 2018"]
[Site "Gijon"]
[Date "2018.07.27"]
[Round "7"]
[White "Martinez Alcantara, Jose Eduardo"]
[Black "Cori Quispe, Kevin Joel"]
[Result "1/2-1/2"]
[WhiteElo "2545"]
[BlackElo "2487"]
[Annotator "ChessBase"]
[PlyCount "26"]
[EventDate "2018.07.24"]
[EventType "swiss"]
[EventCountry "ESP"]
[SourceTitle "playchess.com"]
[Source "ChessBase"]
[SourceQuality "1"]
[TimeControl "5400+30"]

1. e4 {[%emt 0:00:00]} e5 {[%emt 0:00:41]} 2. Nf3 {[%emt 0:00:00]} Nc6 {[%emt 0:00:07]} 3. Bb5 {[%emt 0:01:56]} a6 {[%emt 0:00:56]} 4. Ba4 {[%emt 0:00:07]} Nf6 {[%emt 0:00:26]} 5. O-O {[%emt 0:00:06]} Be7 {[%emt 0:00:49]} 6. Re1 {[%emt 0:00:09]} b5 {[%emt 0:00:33]} 7. Bb3 {[%emt 0:00:04]} O-O {[%emt 0:01:08]} 8. h3 {[%emt 0:04:54]} d6 {[%emt 0:00:46]} 9. c3 {[%emt 0:00:06]} Bb7 {[%emt 0:01:20]} 10. d4 {[%emt 0:02:32]} Re8 {[%emt 0:02:17]} 11. Ng5 {[%emt 0:03:07]} Rf8 {[%emt 0:00:22]} 12. Nf3 {[%emt 0:03:38]} Re8 {[%emt 0:01:10]} 13. Ng5 {[%emt 0:08:01]} Rf8 {[%emt 0:00:06]} 1/2-1/2

[Event "IV Open RGCC 2018"]
[Site "Gijon"]
[Date "2018.07.27"]
[Round "7"]
[White "Quesada Perez, Yasser"]
[Black "Villar Nieves, Antonio"]
[Result "1-0"]
[WhiteElo "2531"]
[BlackElo "2230"]
[Annotator "ChessBase"]
[PlyCount "79"]
[EventDate "2018.07.24"]
[EventType "swiss"]
[EventCountry "ESP"]
[SourceTitle "playchess.com"]
[Source "ChessBase"]
[SourceQuality "1"]
[TimeControl "5400+30"]

1. e4 {[%emt 0:00:00]} c5 {[%emt 0:00:03]} 2. Nc3 {[%emt 0:00:05]} Nc6 {[%emt 0:00:16]} 3. Bb5 {[%emt 0:00:06]} g6 {[%emt 0:00:26]} 4. Bxc6 {[%emt 0:00:05]} dxc6 {[%emt 0:00:06]} 5. d3 {[%emt 0:00:05]} Bg7 {[%emt 0:00:09]} 6. Be3 {[%emt 0:00:08]} b6 {[%emt 0:08:16]} 7. f4 {[%emt 0:00:31]} Bd4 {[%emt 0:11:02]} 8. Qd2 {[%emt 0:01:28]} Nf6 {[%emt 0:02:15]} 9. h3 {[%emt 0:00:06]} e5 {[%emt 0:17:37]} 10. Nf3 {[%emt 0:02:51]} Bxe3 {[%emt 0:06:15]} 11. Qxe3 {[%emt 0:00:09]} exf4 {[%emt 0:00:55]} 12. Qxf4 {[%emt 0:00:08]} Qe7 {[%emt 0:10:16]} 13. O-O {[%emt 0:06:34]} Be6 {[%emt 0:03:41]} 14. Qh6 {[%emt 0:12:46]} Nd7 {[%emt 0:05:56]} 15. Rae1 {[%emt 0:04:28]} O-O-O {[%emt 0:01:34]} 16. Qf4 {[%emt 0:05:25]} f6 {[%emt 0:02:10]} 17. Nd5 {[%emt 0:01:21]} cxd5 {[%emt 0:04:56]} 18. exd5 {[%emt 0:00:06]} Nf8 {[%emt 0:06:51]} 19. dxe6 {[%emt 0:00:36]} Rd6 {[%emt 0:01:38]} 20. b4 {[%emt 0:09:42]} Nxe6 {[%emt 0:04:56]} 21. bxc5 {[%emt 0:00:30]} Rd7 {[%emt 0:00:20]} 22. Qe4 {[%emt 0:01:29]} Qxc5+ {[%emt 0:00:24]} 23. Kh1 {[%emt 0:04:31]} Nc7 {[%emt 0:00:26]} 24. Qa4 {[%emt 0:00:27]} b5 {[%emt 0:03:03]} 25. Qb3 {[%emt 0:01:39]} Rhd8 {[%emt 0:01:25]} 26. a4 {[%emt 0:01:08]} b4 {[%emt 0:00:31]} 27. Re4 {[%emt 0:00:06]} a5 {[%emt 0:01:47]} 28. Rc4 {[%emt 0:00:19]} Qb6 {[%emt 0:00:22]} 29. d4 {[%emt 0:06:16]} Kb7 {[%emt 0:01:28]} 30. c3 {[%emt 0:00:12]} Nd5 {[%emt 0:00:25]} 31. cxb4 {[%emt 0:00:06]} Nxb4 {[%emt 0:00:46]} 32. Rfc1 {[%emt 0:02:46]} Rd6 {[%emt 0:01:25]} 33. Rc5 {[%emt 0:01:03]} Rc6 {[%emt 0:00:43]} 34. Qf7+ {[%emt 0:04:39]} Qc7 {[%emt 0:00:32]} 35. Rb5+ {[%emt 0:00:21]} Kc8 {[%emt 0:00:06]} 36. Rxc6 {[%emt 0:00:18]} Nxc6 {[%emt 0:00:44]} 37. Qxf6 {[%emt 0:00:24]} Qd6 {[%emt 0:00:39]} 38. Qf7 {[%emt 0:00:37]} Rd7 {[%emt 0:00:10]} 39. Qg8+ {[%emt 0:00:22]} Rd8 {[%emt 0:01:31]} 40. Qc4 {[%emt 0:00:09]} 1-0

[Event "IV Open RGCC 2018"]
[Site "Gijon"]
[Date "2018.07.27"]
[Round "7"]
[White "Ardelean, George-Catalin"]
[Black "Manolache, Marius"]
[Result "1/2-1/2"]
[WhiteElo "2475"]
[BlackElo "2494"]
[Annotator "ChessBase"]
[PlyCount "27"]
[EventDate "2018.07.24"]
[EventType "swiss"]
[EventCountry "ESP"]
[SourceTitle "playchess.com"]
[Source "ChessBase"]
[SourceQuality "1"]
[TimeControl "5400+30"]

1. d4 {[%emt 0:00:00]} Nf6 {[%emt 0:00:07]} 2. Nf3 {[%emt 0:00:00]} e6 {[%emt 0:00:18]} 3. Bf4 {[%emt 0:00:17]} b6 {[%emt 0:01:17]} 4. e3 {[%emt 0:00:31]} Bb7 {[%emt 0:00:30]} 5. Bd3 {[%emt 0:00:58]} Be7 {[%emt 0:01:19]} 6. h3 {[%emt 0:00:07]} d5 {[%emt 0:01:12]} 7. O-O {[%emt 0:01:27]} O-O {[%emt 0:00:23]} 8. Nbd2 {[%emt 0:01:30]} Nbd7 {[%emt 0:01:02]} 9. c4 {[%emt 0:04:15]} c5 {[%emt 0:04:10]} 10. cxd5 {[%emt 0:03:46]} Nxd5 {[%emt 0:04:45]} 11. Bh2 {[%emt 0:00:14]} cxd4 {[%emt 0:00:56]} 12. Nxd4 {[%emt 0:00:43]} Rc8 {[%emt 0:02:25]} 13. a3 {[%emt 0:01:25]} Nc5 {[%emt 0:00:47]} 14. Be2 {[%emt 0:01:21]} 1/2-1/2

[Event "IV Open RGCC 2018"]
[Site "Gijon"]
[Date "2018.07.27"]
[Round "7"]
[White "Murshed, Niaz"]
[Black "Santos, Jose Guilherme B Li"]
[Result "1-0"]
[WhiteElo "2403"]
[BlackElo "2100"]
[Annotator "NA"]
[PlyCount "67"]
[EventDate "2018.07.24"]
[EventType "swiss"]
[EventCountry "ESP"]
[SourceTitle "playchess.com"]
[Source "ChessBase"]
[SourceQuality "1"]
[TimeControl "5400+30"]

1. d4 Nf6 2. c4 g6 3. Nc3 Bg7 4. e4 d6 5. Be2 O-O 6. Bg5 Nbd7 7. Qd2 e5 8. d5 a5 9. Bd1 Nc5 10. Bc2 Bd7 11. Nge2 Qe8 12. O-O b5 13. cxb5 Bxb5 14. Rfe1 Ba6 15. Be3 Ncd7 16. Ba4 Qc8 17. Bc6 Bb7 18. Bxb7 Qxb7 19. f3 Qa6 20. a4 Nb6 21. b3 Rac8 22. Nb5 Rfd8 23. Rac1 c6 24. Rxc6 Rxc6 25. dxc6 d5 26. Rc1 d4 27. Bg5 Nc8 28. Kh1 Na7 29. Nxa7 Qxa7 30. Nc3 h6 31. Nd5 Rxd5 32. c7 Rc5 33. Rxc5 Qxc5 34. Qc1 1-0

[Event "IV Open RGCC 2018"]
[Site "Gijon"]
[Date "2018.07.27"]
[Round "7"]
[White "Kaganskiy, Gleb"]
[Black "Epishin, Vladimir"]
[Result "1/2-1/2"]
[WhiteElo "2278"]
[BlackElo "2541"]
[Annotator "ChessBase"]
[PlyCount "76"]
[EventDate "2018.07.24"]
[EventType "swiss"]
[EventCountry "ESP"]
[SourceTitle "playchess.com"]
[Source "ChessBase"]
[SourceQuality "1"]
[TimeControl "5400+30"]

1. Nf3 {[%emt 0:00:01]} Nf6 {[%emt 0:00:49]} 2. c4 {[%emt 0:00:12]} b6 {[%emt 0:01:02]} 3. g3 {[%emt 0:01:44]} Bb7 {[%emt 0:02:21]} 4. Bg2 {[%emt 0:00:45]} e6 {[%emt 0:00:10]} 5. O-O {[%emt 0:00:23]} Be7 {[%emt 0:00:09]} 6. Nc3 {[%emt 0:00:32]} O-O {[%emt 0:00:30]} 7. Re1 {[%emt 0:03:54]} d5 {[%emt 0:01:07]} 8. cxd5 {[%emt 0:01:54]} exd5 {[%emt 0:00:11]} 9. d4 {[%emt 0:00:35]} Nbd7 {[%emt 0:07:39]} 10. Bf4 {[%emt 0:00:57]} c6 {[%emt 0:05:13]} 11. Rc1 {[%emt 0:07:12]} h6 {[%emt 0:05:26]} 12. Ne5 {[%emt 0:03:39]} Nxe5 {[%emt 0:11:25]} 13. Bxe5 {[%emt 0:00:56]} Qd7 {[%emt 0:05:34]} 14. e4 {[%emt 0:08:14]} dxe4 {[%emt 0:02:18]} 15. Nxe4 {[%emt 0:00:15]} Nd5 {[%emt 0:00:50]} 16. Nc3 {[%emt 0:03:27]} Nxc3 {[%emt 0:04:17]} 17. bxc3 {[%emt 0:01:50]} Rfe8 {[%emt 0:06:54]} 18. Rc2 {[%emt 0:11:55]} Bf8 {[%emt 0:03:11]} 19. Rce2 {[%emt 0:03:22]} Re7 {[%emt 0:12:44]} 20. Bf4 {[%emt 0:03:01]} Rae8 {[%emt 0:00:08]} 21. Rxe7 {[%emt 0:00:16]} Rxe7 {[%emt 0:00:06]} 22. Rxe7 {[%emt 0:01:24]} Bxe7 {[%emt 0:00:05]} 23. Qa4 {[%emt 0:03:45]} a6 {[%emt 0:00:17]} 24. Qb3 {[%emt 0:01:09]} b5 {[%emt 0:00:24]} 25. Be3 {[%emt 0:04:33]} c5 {[%emt 0:03:58]} 26. dxc5 {[%emt 0:03:00]} Bxg2 {[%emt 0:00:55]} 27. Kxg2 {[%emt 0:00:04]} Bxc5 {[%emt 0:00:25]} 28. Bxc5 {[%emt 0:00:21]} Qc6+ {[%emt 0:00:04]} 29. Kg1 {[%emt 0:00:26]} Qxc5 {[%emt 0:00:06]} 30. Qb4 {[%emt 0:01:59]} Qd5 {[%emt 0:06:04]} 31. Qa5 {[%emt 0:01:38]} Qe6 {[%emt 0:00:45]} 32. h4 {[%emt 0:00:54]} Kh7 {[%emt 0:00:24]} 33. a3 {[%emt 0:04:05]} g5 {[%emt 0:01:13]} 34. hxg5 {[%emt 0:00:20]} hxg5 {[%emt 0:00:05]} 35. Qc7 {[%emt 0:03:31]} Kg6 {[%emt 0:00:21]} 36. Qc5 {[%emt 0:00:26]} f5 {[%emt 0:01:59]} 37. Kh2 {[%emt 0:03:58]} g4 {[%emt 0:04:16]} 38. Kg1 {[%emt 0:00:21]} Qe1+ {[%emt 0:00:52]} 1/2-1/2

[Event "IV Open RGCC 2018"]
[Site "Gijon"]
[Date "2018.07.27"]
[Round "7"]
[White "Centron Antuna, Daniel"]
[Black "Kaczur, Florian"]
[Result "0-1"]
[WhiteElo "2231"]
[BlackElo "2471"]
[Annotator "ChessBase"]
[PlyCount "76"]
[EventDate "2018.07.24"]
[EventType "swiss"]
[EventCountry "ESP"]
[SourceTitle "playchess.com"]
[Source "ChessBase"]
[SourceQuality "1"]
[TimeControl "5400+30"]

1. d4 Nf6 2. Nf3 d5 3. c4 e6 4. Nc3 Nbd7 5. Bg5 c6 6. e3 h6 7. Bh4 g5 8. Bg3 Nh5 9. Be5 Nxe5 10. Nxe5 Nf6 11. c5 Nd7 12. f4 gxf4 13. exf4 Nxe5 14. fxe5 Rg8 15. g3 b6 16. b4 bxc5 17. bxc5 Qa5 18. Qd2 Be7 19. Ne4 Qa3 20. Qc3 Qxc3+ 21. Nxc3 f6 22. exf6 Bxf6 23. O-O-O Rg4 24. Ne2 Re4 25. Rd2 Rb8 26. Bg2 Re3 27. Rf1 Ke7 28. Rf3 Rxf3 29. Bxf3 Rb4 30. Bg4 Ba6 31. h4 e5 32. dxe5 Bxe5 33. Bf3 Rc4+ 34. Kd1 Rxc5 35. g4 Rc4 36. Rc2 Rxc2 37. Kxc2 Bxe2 38. Bxe2 Bf6 0-1

[Event "IV Open RGCC 2018"]
[Site "Gijon"]
[Date "2018.07.27"]
[Round "7"]
[White "Gonzalez Diaz, Julio"]
[Black "Campora, Daniel H"]
[Result "0-1"]
[WhiteElo "2211"]
[BlackElo "2405"]
[Annotator "TA"]
[PlyCount "114"]
[EventDate "2018.07.24"]
[EventType "swiss"]
[EventCountry "ESP"]
[SourceTitle "playchess.com"]
[Source "ChessBase"]
[SourceQuality "1"]

{[%evp 10,114,25,16,42,41,44,27,33,-10,-5,-39,-46,-42,-47,-55,-43,-42,-38,-47,-45,-52,-42,-53,-48,-62,-58,-48,-43,-22,-34,-40,-13,-44,-28,-89,-87,-114,-116,-154,-147,-170,-167,-166,-163,-167,-170,-183,-160,-184,-174,-225,-221,-187,-193,-254,-252,-250,-244,-282,-224,-210,0,-282,-256,-257,-273,-290,-204,-227,-178,-175,-183,-290,-314,-286,-290,-285,-268,-478,-461,-408,-265,-435,-427,-397,-328,-317,-281,-344,-292,-266,-270,-367,-228,-498,-496,-455,-302,-1450,-1379,-29980,-29981,-29981,-29982,-29985,-29977]} 1. e4 e5 2. Nc3 Nf6 3. f4 d5 4. exd5 exf4 5. Bc4 Bd6 6. Qe2+ {LiveBook: 11 Games. C29: Vienna Game: 2...Nf6 3 f4} Kf8 (6... Qe7 7. d4 Bf5 8. Nf3 Qxe2+ 9. Kxe2 Bxc2 10. Ne5 O-O 11. Bxf4 Nbd7 12. Rac1 Bg6 13. Rhe1 Nb6 {½-½ (78) Ivanchuk,V (2726)-Le,Q (2737) Huaian 2017}) 7. d3 $146 ({Predecessor:} 7. Nf3 a6 8. a4 Bg4 9. d4 Nbd7 10. O-O h6 11. Ne4 Nxe4 12. Qxe4 Nf6 13. Qd3 Qc8 {1-0 (31) Vasilevich,I (2375)-Zaiatz,E (2446) Tyumen 2012}) 7... Bg4 8. Qf2 {White is slightly better.} Qe7+ 9. Nge2 Nbd7 10. Bd2 Bxe2 $1 11. Qxe2 Re8 $1 $36 {[%mdl 2048] Black has some pressure.} 12. Qxe7+ Rxe7+ 13. Kf1 a6 14. Re1 $1 b5 15. Bb3 Nc5 16. Kf2 b4 17. Na4 Nxb3 18. axb3 Nxd5 19. c4 bxc3 20. bxc3 g5 21. Nb2 Kg7 {Hoping for ...Rxe1.} 22. Rxe7 (22. Nc4 $11) 22... Bxe7 $17 ({Don't play} 22... Nxe7 $6 23. Ra1 $11) 23. Ra1 Rb8 24. b4 Bf6 25. Rxa6 Bxc3 26. Bxc3+ Nxc3 {[%mdl 4096] Endgame KRN-KRN} 27. Rc6 Nd5 28. Rc5 c6 ({Don't do} 28... Nxb4 29. Rxg5+ Kh6 30. Rf5 $17) 29. Rxc6 Nxb4 30. Rc5 (30. Rc4 $142) 30... Na6 $19 31. Rc2 Rb3 32. Kf3 (32. Ke2 $142) 32... Nb4 33. Rd2 f5 34. Ke2 Na2 35. Rc2 Nb4 36. Rd2 $1 Nd5 37. Nc4 Kf6 38. Kf2 Nc3 39. g3 fxg3+ 40. hxg3 h5 41. Ke3 (41. Ne3 $142) 41... Ne4 42. Ra2 {intending Ra6+.} Nxg3 43. Ra6+ Ke7 44. Kd4 $2 (44. Ra7+ {is the only way for White.} Ke6 45. Ra6+ Kd5 46. Ra5+ Kc6 47. Kd4) 44... f4 45. Ne5 Nf5+ 46. Kc4 $2 (46. Ke4 Nd6+ 47. Rxd6 Kxd6 48. Nf7+ Ke7 49. Nxg5) 46... Rb1 47. Ng6+ Kd7 48. Ne5+ Kc7 49. Rc6+ Kb7 {[#] And now ...Rc1+ would win.} 50. Rf6 Ne3+ 51. Kc5 Rc1+ 52. Kb5 $2 (52. Kd4) 52... Nd5 53. Rh6 h4 54. Nc4 $2 (54. d4) 54... f3 {[%cal Bf4f3,Bf3f2][%mdl 32]} 55. Rc6 Nc7+ {Black mates.} 56. Kc5 f2 57. Kd6 {[#]} Rxc4 $1 {Precision: White = 37%, Black = 71%.} 0-1